[Event "AUTO-OPEN-1719"]
[Site "http://www.queenalice.com/game.php?id=665757"]
[Date "2009.10.11"]
[Round "1"]
[White "pcmvr"]
[Black "ShahMaster"]
[Result "1-0"]
[WhiteElo "1660"]
[BlackElo "1889"]

1. b4 d5 2. Bb2 Nf6 3. Nf3 e6 4. a3 Bd7 5. e3 Bd6 6. c4 O-O 7. Nc3 dxc4 8. Bxc4
a6 9. O-O b5 10. Be2 h6 11. d4 Bc6 12. Qc2 Nbd7 13. e4 e5 14. Rad1 exd4 15. Nxd4
Bb7 16. f4 Re8 17. e5 Nxe5 18. fxe5 Rxe5 19. Nf5 Ne4 20. Nxe4 Bxe4 21. Bd3 Bxf5
22. Bxe5 Bxd3 23. Qxd3 Qe7 24. Bxd6 cxd6 25. Qxd6 Qe3+ 26. Kh1 Qxa3 27. Rxf7 Qb3
28. Rd7 1-0

[Event "04 SM09 FP07 D2"]
[Site "http://www.queenalice.com/game.php?id=667263"]
[Date "2009.10.14"]
[Round "-"]
[White "FeralPawn"]
[Black "ShahMaster"]
[Result "1-0"]
[WhiteElo "1938"]
[BlackElo "1891"]

1. e4 Nc6 2. Bc4 e6 3. Nc3 Nf6 4. Nf3 h6 5. O-O d5 6. e5 Ng4 7. Bb5 Bd7 8. d4 a6
9. Bxc6 Bxc6 10. h3 Nxf2 11. Rxf2 Be7 12. Bd2 b5 13. Ne2 O-O 14. Ng3 Be8 15. Nh2
Bh4 16. Qg4 g5 17. Nf3 f5 18. exf6 Bxg3 19. Qxg3 Rxf6 20. Raf1 Rg6 21. Ne5 Rg7
22. Rf8+ Kh7 23. Qd3+ 1-0

[Event "AUTO-ADV-1523"]
[Site "http://www.queenalice.com/game.php?id=674891"]
[Date "2009.10.30"]
[Round "1"]
[White "axelsun"]
[Black "ShahMaster"]
[Result "1-0"]
[WhiteElo "1998"]
[BlackElo "1889"]

1. Nf3 d5 2. d4 Nf6 3. c4 dxc4 4. Nc3 e6 5. e4 Bb4 6. Bg5 h6 7. e5 hxg5 8. exf6
gxf6 9. Bxc4 g4 10. Nd2 Qxd4 11. Qa4+ Nc6 12. Bb5 Bd7 13. Rd1 Bxc3 14. bxc3 Qxc3
15. Qxg4 O-O-O 16. O-O Ne5 17. Bxd7+ Rxd7 18. Qe2 Qb2 19. Qe3 b6 20. a4 Rhd8 21.
Nf3 Nxf3+ 22. Qxf3 f5 23. Qa8# 1-0

[Event "AUTO-ADV-1523"]
[Site "http://www.queenalice.com/game.php?id=674892"]
[Date "2009.10.30"]
[Round "1"]
[White "ShahMaster"]
[Black "axelsun"]
[Result "0-1"]
[WhiteElo "1900"]
[BlackElo "1838"]

1. d4 d5 2. Nf3 e6 3. Nc3 Nf6 4. h3 Nc6 5. a3 Bd6 6. Bg5 O-O 7. e4 Be7 8. e5 Ne4
9. Bxe7 Qxe7 10. Bd3 Nxc3 11. bxc3 a6 12. Qd2 h6 13. O-O f5 14. c4 dxc4 15. Bxc4
b5 16. Bb3 Bb7 17. d5 Rad8 18. Rfd1 Qc5 19. Qe3 Qxe3 20. fxe3 Na5 21. dxe6 Nxb3
22. e7 Rxd1+ 23. Rxd1 Re8 24. Rd8 Kf7 25. cxb3 Kxe7 26. Rxe8+ Kxe8 27. Nd4 g6
28. Kf2 Ke7 29. b4 Be4 30. g4 fxg4 31. hxg4 Bd5 32. Kg3 Be6 33. Kh4 Kf7 34. Kg3
Bd7 35. Kf4 Ke7 36. Kg3 Kf7 37. Kf4 g5+ 38. Kg3 Kg6 39. e4 h5 40. gxh5+ Kxh5 41.
e6 Bc8 42. e7 Bd7 43. Nf5 Kg6 44. Kg4 c6 45. Kf3 Kf6 46. Ke3 Kf7 47. Kf3 Bxf5
0-1

[Event "AUTO-ADV-1523"]
[Site "http://www.queenalice.com/game.php?id=674905"]
[Date "2009.10.30"]
[Round "1"]
[White "BOSQUES"]
[Black "ShahMaster"]
[Result "1-0"]
[WhiteElo "1730"]
[BlackElo "1896"]

1. d4 d5 2. Nf3 Nc6 3. g3 Bg4 4. Bg2 Nf6 5. Nbd2 e6 6. h3 Bh5 7. O-O Bd6 8. a3
O-O 9. Ng5 h6 10. Ngf3 e5 11. dxe5 Nxe5 12. Nxe5 Bxe5 13. c3 c6 14. Nf3 Bd6 15.
g4 Bg6 16. Nh4 Bh7 17. Bxh6 gxh6 18. Qd2 Be4 19. Bxe4 Nxe4 20. Qxh6 Qg5 21.
Qxg5+ Nxg5 22. Nf5 Nxh3+ 23. Kg2 Nf4+ 24. Kf3 Bc7 25. Rh1 Rae8 26. Nh6+ Kg7 27.
Nf5+ Kf6 28. Rh6+ Ng6 29. Rd1 Rh8 30. Rdh1 Rxh6 31. Nxh6 Rh8 32. e4 dxe4+ 33.
Kxe4 Bf4 34. g5+ Kxg5 35. Nxf7+ Kg4 36. Nxh8 1-0

[Event "AUTO-ADV-1523"]
[Site "http://www.queenalice.com/game.php?id=674906"]
[Date "2009.10.30"]
[Round "1"]
[White "ShahMaster"]
[Black "BOSQUES"]
[Result "1/2-1/2"]
[WhiteElo "1877"]
[BlackElo "1818"]

1. d4 e6 2. Nf3 Nc6 3. d5 exd5 4. Qxd5 Nf6 5. Qd1 g6 6. e3 a6 7. Nc3 Bg7 8. Bd3
O-O 9. O-O b5 10. a3 Bb7 11. e4 d6 12. Bg5 Qd7 13. h3 Rae8 14. Qd2 Ne5 15. Nxe5
Rxe5 16. Bh6 Rh5 17. Bxg7 Kxg7 18. Be2 Rh4 19. Nd5 Nxe4 20. Qd4+ f6 21. Bg4 Qe8
22. Rae1 Bxd5 23. Qxd5 f5 24. Bf3 c6 25. Qd3 d5 26. Bxe4 dxe4 27. Qd4+ Kh6 28.
f3 g5 29. fxe4 Rxe4 30. Rxe4 fxe4 31. Rxf8 Qxf8 32. Qxe4 Qf6 33. c3 c5 34. h4
gxh4 35. Qe3+ Kg6 36. Qxc5 h6 37. Qf2 Qxf2+ 38. Kxf2 Kg5 39. Kf3 Kf5 40. b3 h5
41. a4 Ke5 42. axb5 axb5 43. Ke3 Kd5 44. Kf4 h3 45. gxh3 h4 46. c4+ bxc4 47.
bxc4+ Kxc4 48. Kg4 Kd5 49. Kg5 Ke6 50. Kg6 Ke5 1/2-1/2

[Event "AUTO-ADV-1523"]
[Site "http://www.queenalice.com/game.php?id=674913"]
[Date "2009.10.30"]
[Round "1"]
[White "mestre_leonardo"]
[Black "ShahMaster"]
[Result "0-1"]
[WhiteElo "1659"]
[BlackElo "1879"]

1. e4 Nc6 2. Nf3 e5 3. Bc4 h6 4. Nc3 Bc5 5. O-O d6 6. d3 Nf6 7. Nd5 Nxd5 8. exd5
Ne7 9. Qe2 O-O 10. Be3 Bxe3 11. Qxe3 Bg4 12. h3 Bh5 13. a4 Nf5 14. Qe2 Nd4 15.
Qd1 Nxf3+ 16. gxf3 Qg5+ 17. Kh2 Qf4+ 18. Kg1 Bxf3 19. Qc1 Qf5 20. Kh2 g5 21. Rg1
e4 22. dxe4 Bxe4 23. Qe3 Rae8 24. Qg3 Bxc2 25. h4 f6 26. hxg5 fxg5 27. Bb5 Re5
28. Rac1 a6 29. Bf1 Rf7 30. Rg2 Bxa4 31. Qh3 Kg7 32. Qa3 Qf4+ 33. Kg1 Qxc1 34.
Qxa4 Re1 35. Qd4+ Rf6 36. Qg4 Rxf1+ 37. Kh2 Qf4+ 38. Qxf4 Rxf4 39. Kg3 Rb4 40.
f3 Rb3 0-1

[Event "AUTO-ADV-1523"]
[Site "http://www.queenalice.com/game.php?id=674914"]
[Date "2009.10.30"]
[Round "1"]
[White "ShahMaster"]
[Black "mestre_leonardo"]
[Result "1-0"]
[WhiteElo "1892"]
[BlackElo "1590"]

1. d4 Nf6 2. Nc3 d5 3. Bf4 e6 4. e3 Bb4 5. a3 Bxc3+ 6. bxc3 Ne4 7. Ne2 O-O 8.
Ng3 Nxc3 9. Qd2 Na4 10. Qa5 Nb6 11. Bd3 Nc6 12. Qd2 Nc4 13. Qe2 Nb2 14. Bb5 Bd7
15. Rb1 Nc4 16. Bxc4 dxc4 17. Qxc4 b6 18. O-O Rc8 19. h3 Na5 20. Qd3 Ra8 21.
Rfe1 a6 22. Ne4 Bb5 23. Qd1 Nc4 24. Ra1 Nb2 25. Qg4 Kh8 26. Qg3 c5 27. Bc7 Qd7
28. Bxb6 cxd4 29. Bxd4 f6 30. Bxb2 e5 31. Rad1 Qc6 32. Nc3 Qb6 33. Nxb5 Qxb5 34.
Bc1 Qc4 35. Rd2 Qc3 36. e4 Qa5 37. Red1 Rfd8 38. Rxd8+ Rxd8 39. Rxd8+ Qxd8 40.
Qd3 Qc8 41. c4 h6 42. Be3 Qb7 43. c5 a5 44. Qd8+ Kh7 45. Qxa5 Qxe4 46. a4 f5 47.
Qb5 f4 48. Bd2 f3 49. g3 Qf5 50. Kh2 h5 51. h4 e4 52. Be3 Qd5 53. a5 Qd1 54. a6
Qf1 55. Qxf1 1-0

[Event "Challenge"]
[Site "http://www.queenalice.com/game.php?id=726625"]
[Date "2010.2.6"]
[Round "-"]
[White "LukeKovacs"]
[Black "ShahMaster"]
[Result "0-1"]
[WhiteElo "1336"]
[BlackElo "1872"]

1. e4 Nc6 2. d4 d5 3. Bb5 a6 4. Be2 dxe4 5. Bc4 Nxd4 6. Qh5 e6 7. Nh3 Nxc2+ 8.
Kf1 Nxa1 9. Ng5 g6 10. Qg4 Nf6 11. Bd2 Nxg4 12. Bc3 Qd1+ 0-1

[Event "Challenge"]
[Site "http://www.queenalice.com/game.php?id=726849"]
[Date "2010.2.6"]
[Round "-"]
[White "joserie"]
[Black "ShahMaster"]
[Result "1-0"]
[WhiteElo "2190"]
[BlackElo "1882"]

1. e4 Nc6 2. Nf3 d5 3. exd5 Qxd5 4. Nc3 Qe6+ 5. Be2 Nf6 6. O-O Qd6 7. d4 Nh5 8.
Nb5 Qd7 9. Ne5 Nxe5 10. dxe5 Qxd1 11. Rxd1 1-0

[Event "Challenge"]
[Site "http://www.queenalice.com/game.php?id=726850"]
[Date "2010.2.6"]
[Round "-"]
[White "joserie"]
[Black "ShahMaster"]
[Result "1-0"]
[WhiteElo "2193"]
[BlackElo "1878"]

1. e4 Nc6 2. Nf3 d5 3. exd5 Qxd5 4. Nc3 Qe6+ 5. Be2 a6 6. O-O Qd6 7. d4 Nf6 8.
h3 b5 9. a3 e6 10. Bg5 Be7 11. Bd3 Nxd4 12. Nxd4 O-O 13. Nf3 Nd5 14. Nxd5 exd5
15. Re1 Be6 16. Bxe7 Qxe7 17. Nd4 Qd6 18. Nxe6 fxe6 19. Qh5 g6 20. Bxg6 hxg6 21.
Qxg6+ Kh8 22. Rxe6 Qd7 23. Qh5+ Kg8 24. Rg6+ Kf7 25. Re1 Rh8 26. Rh6+ Kf8 27.
Rxh8+ 1-0

[Event "Challenge"]
[Site "http://www.queenalice.com/game.php?id=726851"]
[Date "2010.2.6"]
[Round "-"]
[White "ShahMaster"]
[Black "joserie"]
[Result "0-1"]
[WhiteElo "1875"]
[BlackElo "2196"]

1. d4 Nf6 2. Nc3 g6 3. e4 d6 4. Bf4 Bg7 5. h3 O-O 6. Nf3 Nbd7 7. Bc4 Nh5 8. Bg5
c5 9. Nd5 Nhf6 10. Qd2 Nxd5 11. Bxd5 cxd4 12. Bh6 e5 13. Bxg7 Kxg7 14. h4 h6 15.
g4 a5 16. g5 h5 17. O-O-O Nb6 18. Nh2 Nxd5 19. exd5 Bf5 20. f3 Rc8 21. c3 dxc3
22. bxc3 Qb6 23. Qb2 Qe3+ 24. Rd2 Rxc3+ 25. Kd1 Rfc8 26. a3 Bd7 27. Re2 Rc1+ 0-1

[Event "Challenge"]
[Site "http://www.queenalice.com/game.php?id=726852"]
[Date "2010.2.6"]
[Round "-"]
[White "ShahMaster"]
[Black "joserie"]
[Result "0-1"]
[WhiteElo "1874"]
[BlackElo "2221"]

1. d4 Nf6 2. Nc3 g6 3. Nf3 Bg7 4. e3 O-O 5. h3 d5 6. g4 c6 7. g5 Ne4 8. Nxe4
dxe4 9. Nd2 Qa5 10. c3 Qxg5 11. Nxe4 Qh4 12. Qf3 Nd7 13. Bd2 Nf6 14. Nxf6+ Qxf6
15. Qxf6 Bxf6 16. O-O-O e5 17. h4 Bg4 18. Re1 e4 19. Be2 Bxe2 20. Rxe2 h5 21. f3
exf3 22. Rf2 Rae8 23. Rxf3 Re6 24. Kc2 Bd8 25. b4 b5 26. a3 f5 27. Kd3 Re4 28.
Be1 Rfe8 29. Bf2 Kf7 30. c4 Rg4 31. cxb5 cxb5 32. Ke2 Rxd4 33. Rd1 Rxd1 34. Kxd1
Re4 35. Ke1 Bxh4 0-1

[Event "Challenge"]
[Site "http://www.queenalice.com/game.php?id=747584"]
[Date "2010.3.17"]
[Round "-"]
[White "ShahMaster"]
[Black "Thanasis"]
[Result "1-0"]
[WhiteElo "1898"]
[BlackElo "1666"]

1. d4 Nf6 2. Nf3 d5 3. Nc3 Nc6 4. Bg5 e6 5. e4 dxe4 6. Nxe4 Be7 7. Nxf6+ Bxf6 8.
Bxf6 Qxf6 9. c3 O-O 10. Bd3 Re8 11. O-O Bd7 12. Qc2 Qh6 13. Rae1 f6 14. Re4 f5
15. Re2 a5 16. Ne5 Nxe5 17. Rxe5 b6 18. Rfe1 Bc6 19. Bc4 Qg6 20. g3 Bb7 21. Rxe6
Rxe6 22. Rxe6 1-0

[Event "Challenge"]
[Site "http://www.queenalice.com/game.php?id=754848"]
[Date "2010.4.1"]
[Round "-"]
[White "kworks"]
[Black "ShahMaster"]
[Result "1-0"]
[WhiteElo "1943"]
[BlackElo "1931"]

1. d4 Nf6 2. Nf3 d5 3. e3 Nc6 4. Nc3 Bf5 5. a3 e6 6. b4 a6 7. b5 Nb8 8. Be2 axb5
9. Bxb5+ c6 10. Bd3 Bxd3 11. Qxd3 h6 12. O-O Nbd7 13. Bb2 Bd6 14. e4 dxe4 15.
Nxe4 Nxe4 16. Qxe4 Nf6 17. Qd3 O-O 18. Qe3 Qc7 19. Ne5 Bxe5 20. dxe5 Nd5 21. Qg3
Ne7 22. Rfe1 Rad8 23. Bc1 Qa5 24. Bb2 Qc5 25. Bc3 Ra8 26. Bb4 Qxc2 27. Bxe7 Rfe8
28. Bb4 Rad8 29. Bd6 Rd7 30. Qe3 Rc8 31. Qb6 h5 32. a4 Qf5 33. a5 f6 34. a6 bxa6
35. Qxa6 fxe5 36. Qxc8+ Rd8 37. Qxd8+ 1-0

[Event "AUTO-ADV-1496"]
[Site "http://www.queenalice.com/game.php?id=762924"]
[Date "2010.4.18"]
[Round "2"]
[White "schwam"]
[Black "ShahMaster"]
[Result "1-0"]
[WhiteElo "2001"]
[BlackElo "1902"]

1. e4 Nc6 2. d4 d5 3. Nc3 dxe4 4. d5 Nb4 5. a3 Na6 6. Bxa6 bxa6 7. Nxe4 Bf5 8.
f3 e6 9. c4 h6 10. Qa4+ Qd7 11. Qxd7+ Kxd7 12. dxe6+ Kxe6 13. Ne2 Bxe4 14. fxe4
Nf6 15. Ng3 g6 16. O-O Bg7 17. Be3 Rhd8 18. Rad1 Nd7 19. b4 c6 20. Ne2 Ne5 21.
Nf4+ Ke7 22. Bd4 Bf6 23. c5 Nc4 24. Bxf6+ Kxf6 25. Rxd8 Rxd8 26. Rf3 Ne5 27. Rf1
Kg7 28. Kf2 g5 29. Nh5+ Kg6 30. Ng3 Ng4+ 31. Kg1 1-0

[Event "AUTO-ADV-1496"]
[Site "http://www.queenalice.com/game.php?id=762925"]
[Date "2010.4.18"]
[Round "2"]
[White "ShahMaster"]
[Black "schwam"]
[Result "0-1"]
[WhiteElo "1915"]
[BlackElo "1988"]

1. d4 Nf6 2. Nc3 d5 3. h3 Bf5 4. e3 e6 5. a3 c5 6. dxc5 Bxc5 7. Bb5+ Nc6 8. Nf3
O-O 9. O-O a6 10. Bd3 Bxd3 11. Qxd3 Qc7 12. Ne2 Ne5 13. Nxe5 Qxe5 14. Qc3 Qd6
15. b4 Ba7 16. Bb2 Rac8 17. Qd3 Bb8 18. g3 Ne4 19. f4 Ba7 20. Rac1 b5 21. Bd4
Bxd4 22. Qxd4 f6 23. h4 e5 24. fxe5 fxe5 25. Rxf8+ Rxf8 26. Qa1 Qb6 27. Re1
Qxe3+ 28. Kh2 Rf2+ 29. Kh3 Rxe2 30. Rg1 g5 0-1

[Event "Feral Chess "]
[Site "http://www.queenalice.com/game.php?id=772909"]
[Date "2010.5.8"]
[Round "5"]
[White "ShahMaster"]
[Black "regicide13"]
[Result "0-1"]
[WhiteElo "1890"]
[BlackElo "1948"]

1. d4 d5 2. Nf3 Nd7 3. Nc3 Ngf6 4. e3 e6 5. Bb5 c6 6. Bd3 c5 7. Bb5 a6 8. Bxd7+
Bxd7 9. b3 cxd4 10. exd4 Bb4 11. Bd2 Ne4 12. Nxe4 dxe4 13. Bxb4 exf3 14. Qxf3 a5
15. Bd2 Bc6 16. Qg3 Qxd4 17. Bc3 Qe4+ 18. Kd1 Qd5+ 19. Bd2 Rd8 20. Qe3 Qxg2 21.
Re1 Qxh2 22. Kc1 a4 23. Kb2 a3+ 24. Kxa3 Qd6+ 25. Bb4 Ra8+ 0-1